The Gaullist attack on Canada, 1967-1997 (Registro nro. 317254)

Detalles MARC
000 -ENCABEZADO
Número de control [NR] 00838nam a2200217 a 4500
005 - FECHA Y HORA DE LA ÚLTIMA TRANSACCIÓN
control field 20210519144231.0
008 - DE LONGITUD FIJA DE DATOS DE ELEMENTOS - INFORMACIÓN GENERAL
Elementos de longitud fija [NR] 210519s1999 quc |||gr|||| 00| 0 eng d
020 ## - NUMERO INTERNACIONAL NORMALIZADO PARA LIBROS [R]
Número Internacional Normalizado del libro [NR] 0773518088
040 ## - FUENTE DE CATALOGACION [NR]
Agencia de catalogación original [NR] CO-BoUCM
Idioma de catalogación [NR] spa
Quien Cataloga Deissy Garcia
Quien Clasifica Deissy Garcia
041 04 - CODIGO DE IDIOMA [R]
Código de idioma para texto/pista de sonido o título separado [R] Inglés
100 ## - ASIENTO PRINCIPAL--NOMBRE PERSONAL [NR]
Nombre personal [NR] Bosher, J.F.
ID Autoridad 103519
245 14 - MENCION DE TITULO [NR]
Título [NR] The Gaullist attack on Canada, 1967-1997
Mención de responsabilidad, etc. [NR] J.F. Bosher
260 ## - PUBLICACION, DISTRIBUCION, ETC. (PIE DE IMPRENTA) [R]
Lugar de publicación, distribución, etc. [R] Montreal
Nombre del editor, distribuidor, etc. [R] McGill-Queen's University Press
Fecha de publicación, distribución, etc. [R] 1999
300 ## - DESCRIPCION FISICA [R]
Extensión [R] xi, 331 páginas
504 ## - NOTA DE BIBLIOGRAFIA, ETC. [R]
Nota de bibliografía, etc. [NR] Incluye referencias bibliográficas
600 ## - ASIENTO SECUNDARIO DE MATERIA - NOMBRE PERSONAL [R]
Nombre personal [NR] Gaulle, Charles de
Fechas asociadas con el nombre [NR] 1890-1970
Subdivisión general [R] Influencia
9 (RLIN) 103520
651 1# - ASIENTO SECUNDARIO DE MATERIA - NOMBRE GEOGRAFICO [R]
Nombre geográfico [NR] Canadá
Subdivisión general [R] Relaciones internacionales
Subdivisión geográfica [R] Francia
9 (RLIN) 103521
651 1# - ASIENTO SECUNDARIO DE MATERIA - NOMBRE GEOGRAFICO [R]
Nombre geográfico [NR] Québec (provincia)
Subdivisión general [R] Historia
-- Movimientos de autonomía e independencia
9 (RLIN) 103522
942 ## - ELEMENTOS DE ENTRADA AGREGADOS (KOHA)
Tipo de ítem principal el descrito en 300a Libro
Sistema de clasificación DEWEY
Tema principal Historia
Edición 1
Clasificación 971.4
Parte restante de la signatura top. B743g
Título oculto en OPAC No
Existencias
Signatura topográfica Código de barras Última vez visto Ejemplar Costo de reposición Price effective from Tipo de ítem Perdido Sistema de clasificación Dañado No prestable Tipo de ítem específico Suprimido Ubicación habitual Ubicación actual Localización Fecha de creación Proveedor Forma de adquisición Costo
971.4 B743g 100165713 09/12/2024 Ej.1 26000.00 06/02/2020 Libro   DEWEY     Libro   BodegaJK Claustro Préstamo 2 días después de solicitado 06/02/2020 12 Donación 0.00